000 00623nam a2200181Ia 4500
008 100917s9999 xx 000 0 und d
082 _b31050
100 _aकोगेकर ना. वा.
245 _aभारताची विज्ञान मंदीरे
260 _bअनिरूध्द साहित्य
_c1977
300 _a124
365 _b10
520 _aसृ. प. वि.
630 _aभारताची विज्ञान मंदीरे
650 _aसृ. प. वि.
730 _aभारताची विज्ञान मंदीरे
942 _cBOOK
999 _c636444
_d636441